日本前100姓氏 Top 100 Japanese surnames - Statistics

General Stats
  • This quiz has been taken 270 times
  • The average score is 19 of 100
Answer Stats
排名 姓氏 % Correct
1 佐藤
75%
4 田中
60%
9 山本
57%
29 山下
52%
6 伊藤
50%
25 安倍
50%
2 铃木
47%
8 小林
45%
16 井上
40%
13 佐佐木
39%
19
39%
3 高桥
37%
5 渡边
36%
12 山田
35%
72 工藤
34%
11 吉田
31%
7 中村
30%
14 山口
30%
15 松本
29%
54 小野
29%
10 加藤
27%
41 村上
26%
74 宫本
26%
17 木村
25%
24
25%
66 高木
25%
69 宫崎
25%
21 斋藤
24%
27 桥本
24%
28 石川
24%
40 坂本
24%
56 藤原
24%
59 小岛
24%
22 山崎
22%
65
22%
36 前田
21%
23 中岛
20%
35 近藤
20%
38 远藤
20%
45 福田
20%
33 后藤
18%
37 藤田
16%
84 武田
16%
18 清水
15%
51 松田
15%
53 中野
15%
58 石田
15%
70 上田
15%
73 大野
15%
34 冈田
14%
55 田村
14%
26 池田
13%
100 木下
13%
32 长谷川
12%
47 三浦
12%
48 竹内
12%
57 中山
12%
89 千叶
12%
93 上野
12%
94 松井
12%
50 冈本
11%
95 河野
11%
30 小川
10%
39 青木
10%
68 安藤
10%
71 岛田
10%
79 高田
10%
80 村田
10%
81 平野
10%
88 樱井
10%
20 齐藤
9%
31 石井
9%
46 西村
9%
62 内田
9%
64 酒井
9%
86 小山
9%
44 藤井
8%
49 中川
8%
52 原田
8%
42 太田
7%
60 和田
7%
61 森田
7%
87 野口
6%
91 佐野
6%
43 金子
5%
63 柴田
5%
75 杉山
5%
76 今井
5%
77 丸山
5%
82 大冢
5%
98 野村
5%
67 横山
4%
83 菅原
4%
85 新井
4%
92 谷口
4%
90 岩崎
3%
96 市川
3%
99 菊池
3%
78 增田
2%
97 渡部
2%
No matching quizzes found
Score Distribution
Percent of People with Each Score
Percentile by Number Answered
Your Score History
You have not taken this quiz